<?xml version="1.0" encoding="UTF-8"?>
<record
    xmlns:xsi="http://www.w3.org/2001/XMLSchema-instance"
    xsi:schemaLocation="http://www.loc.gov/MARC21/slim http://www.loc.gov/standards/marcxml/schema/MARC21slim.xsd"
    xmlns="http://www.loc.gov/MARC21/slim">

  <leader>01957cam a2200493 i 4500</leader>
  <controlfield tag="001">xx001288018</controlfield>
  <controlfield tag="003">NUKAT</controlfield>
  <controlfield tag="005">20260420062227.0</controlfield>
  <controlfield tag="008">090213s1829    fr a         |001 0 fre c</controlfield>
  <datafield tag="035" ind1=" " ind2=" ">
    <subfield code="a">(OCoLC)749999574</subfield>
  </datafield>
  <datafield tag="035" ind1=" " ind2=" ">
    <subfield code="a">(NUKAT)xx001288018</subfield>
  </datafield>
  <datafield tag="040" ind1=" " ind2=" ">
    <subfield code="a">POZN U/MC</subfield>
    <subfield code="c">POZN U/MC</subfield>
    <subfield code="d">POZN U/MW</subfield>
    <subfield code="d">POZN U/KNs</subfield>
    <subfield code="d">LUBL M/mm</subfield>
  </datafield>
  <datafield tag="045" ind1="2" ind2=" ">
    <subfield code="b">d1797</subfield>
    <subfield code="b">d1801</subfield>
  </datafield>
  <datafield tag="046" ind1=" " ind2=" ">
    <subfield code="k">1829</subfield>
  </datafield>
  <datafield tag="099" ind1=" " ind2=" ">
    <subfield code="a">tn_644348</subfield>
  </datafield>
  <datafield tag="100" ind1="1" ind2=" ">
    <subfield code="a">Chod&#x17A;ko, Leonard</subfield>
    <subfield code="d">(1800-1871).</subfield>
    <subfield code="9">40313</subfield>
  </datafield>
  <datafield tag="245" ind1="1" ind2="0">
    <subfield code="a">Histoire des L&#xE9;gions polonaises en Italie, sous le commandement du g&#xE9;n&#xE9;ral Dombrowski.</subfield>
    <subfield code="n">T. 1 /</subfield>
    <subfield code="c">par L&#xE9;onard Chod&#x17A;ko.</subfield>
  </datafield>
  <datafield tag="260" ind1=" " ind2=" ">
    <subfield code="a">Paris :</subfield>
    <subfield code="b">J. Barbezat,</subfield>
    <subfield code="c">1829</subfield>
    <subfield code="e">(Paris :</subfield>
    <subfield code="f">Typographie de J. Pinard).</subfield>
  </datafield>
  <datafield tag="300" ind1=" " ind2=" ">
    <subfield code="a">[8], LXVI, 399 s., [3] k. tabl. :</subfield>
    <subfield code="b">err. ;</subfield>
    <subfield code="c">20 cm.</subfield>
  </datafield>
  <datafield tag="336" ind1=" " ind2=" ">
    <subfield code="a">Tekst</subfield>
    <subfield code="b">txt</subfield>
    <subfield code="2">rdacontent</subfield>
  </datafield>
  <datafield tag="337" ind1=" " ind2=" ">
    <subfield code="a">Bez urz&#x105;dzenia po&#x15B;rednicz&#x105;cego</subfield>
    <subfield code="b">n</subfield>
    <subfield code="2">rdamedia</subfield>
  </datafield>
  <datafield tag="338" ind1=" " ind2=" ">
    <subfield code="a">Wolumin</subfield>
    <subfield code="b">nc</subfield>
    <subfield code="2">rdacarrier</subfield>
  </datafield>
  <datafield tag="380" ind1=" " ind2=" ">
    <subfield code="a">Ksi&#x105;&#x17C;ki</subfield>
  </datafield>
  <datafield tag="388" ind1="1" ind2=" ">
    <subfield code="a">1801-1900</subfield>
  </datafield>
  <datafield tag="504" ind1=" " ind2=" ">
    <subfield code="a">Indeks.</subfield>
  </datafield>
  <datafield tag="505" ind1="2" ind2=" ">
    <subfield code="a">Chant national polonais = Mazurek Dombrowski / [J&#xF3;zef Wybicki] ; trad. du polonais par G. Fulgence ; arr. avec acc. de piano par Albert Sowinski.</subfield>
  </datafield>
  <datafield tag="600" ind1="1" ind2="7">
    <subfield code="a">D&#x105;browski, Jan Henryk</subfield>
    <subfield code="d">(1755-1818)</subfield>
    <subfield code="2">DBN</subfield>
    <subfield code="9">40315</subfield>
  </datafield>
  <datafield tag="610" ind1="2" ind2="7">
    <subfield code="a">Legiony Polskie (1797-1801)</subfield>
    <subfield code="2">DBN</subfield>
    <subfield code="9">40316</subfield>
  </datafield>
  <datafield tag="610" ind1="2" ind2="7">
    <subfield code="a">Legiony Polskie we W&#x142;oszech</subfield>
    <subfield code="x">historia.</subfield>
    <subfield code="2">kaba</subfield>
    <subfield code="9">40317</subfield>
  </datafield>
  <datafield tag="610" ind1="2" ind2="7">
    <subfield code="a">Legiony Polskie we W&#x142;oszech</subfield>
    <subfield code="v">&#x17A;r&#xF3;d&#x142;a.</subfield>
    <subfield code="2">kaba</subfield>
    <subfield code="9">40318</subfield>
  </datafield>
  <datafield tag="648" ind1=" " ind2="7">
    <subfield code="a">1701-1800</subfield>
    <subfield code="2">DBN</subfield>
    <subfield code="9">36035</subfield>
  </datafield>
  <datafield tag="648" ind1=" " ind2="7">
    <subfield code="a">1801-1900</subfield>
    <subfield code="2">DBN</subfield>
    <subfield code="9">36037</subfield>
  </datafield>
  <datafield tag="650" ind1=" " ind2="7">
    <subfield code="a">Wojsko</subfield>
    <subfield code="2">DBN</subfield>
    <subfield code="9">35355</subfield>
  </datafield>
  <datafield tag="651" ind1=" " ind2="7">
    <subfield code="a">Polska</subfield>
    <subfield code="2">DBN</subfield>
    <subfield code="9">35076</subfield>
  </datafield>
  <datafield tag="651" ind1=" " ind2="7">
    <subfield code="a">W&#x142;ochy</subfield>
    <subfield code="2">DBN</subfield>
    <subfield code="9">37698</subfield>
  </datafield>
  <datafield tag="655" ind1=" " ind2="7">
    <subfield code="a">Opracowanie</subfield>
    <subfield code="2">DBN</subfield>
    <subfield code="9">35024</subfield>
  </datafield>
  <datafield tag="655" ind1=" " ind2="7">
    <subfield code="a">Wydawnictwo &#x17A;r&#xF3;d&#x142;owe</subfield>
    <subfield code="2">DBN</subfield>
    <subfield code="9">35066</subfield>
  </datafield>
  <datafield tag="658" ind1=" " ind2=" ">
    <subfield code="a">Bezpiecze&#x144;stwo i wojskowo&#x15B;&#x107;</subfield>
  </datafield>
  <datafield tag="658" ind1=" " ind2=" ">
    <subfield code="a">Historia</subfield>
  </datafield>
  <datafield tag="700" ind1="1" ind2=" ">
    <subfield code="a">Sowi&#x144;ski, Wojciech</subfield>
    <subfield code="d">(1805-1880).</subfield>
    <subfield code="9">40319</subfield>
  </datafield>
  <datafield tag="700" ind1="1" ind2=" ">
    <subfield code="a">Olivier, Gustave Fulgence</subfield>
    <subfield code="d">(1806-1886).</subfield>
    <subfield code="9">40320</subfield>
  </datafield>
  <datafield tag="700" ind1="1" ind2="2">
    <subfield code="a">Wybicki, J&#xF3;zef</subfield>
    <subfield code="d">(1747-1822).</subfield>
    <subfield code="t">Mazurek D&#x105;browskiego</subfield>
    <subfield code="l">(pol., fr.)</subfield>
    <subfield code="9">40314</subfield>
  </datafield>
  <datafield tag="942" ind1=" " ind2=" ">
    <subfield code="2">ddc</subfield>
    <subfield code="c">BK_NM</subfield>
  </datafield>
  <datafield tag="999" ind1=" " ind2=" ">
    <subfield code="c">27699</subfield>
    <subfield code="d">27699</subfield>
  </datafield>
  <datafield tag="952" ind1=" " ind2=" ">
    <subfield code="0">0</subfield>
    <subfield code="1">0</subfield>
    <subfield code="2">ddc</subfield>
    <subfield code="4">0</subfield>
    <subfield code="7">0</subfield>
    <subfield code="8">PBKH</subfield>
    <subfield code="a">BIP</subfield>
    <subfield code="b">PBKH</subfield>
    <subfield code="d">2026-04-20</subfield>
    <subfield code="e">K-42/1986</subfield>
    <subfield code="f">K</subfield>
    <subfield code="i">16250/1</subfield>
    <subfield code="l">0</subfield>
    <subfield code="o">16250/1</subfield>
    <subfield code="p">IPWK22188</subfield>
    <subfield code="r">2026-04-20 06:23:27</subfield>
    <subfield code="w">2026-04-20</subfield>
    <subfield code="y">BK_NM</subfield>
  </datafield>
</record>
